{"text_format":"3","workbook":"xls","n_sheets":3,"sheets":["mt6580","NAND","emmc_region"],"not_rendered":{"external_links":1},"read":"whole","date_system":"1900","formulas":"cached_only"}

{"sheet":"mt6580","index":0,"n_rows":28,"n_cols":32,"rows_kept":28,"merged":[[0,0,2,0],[0,1,2,1],[0,2,2,2],[0,3,2,3],[0,4,2,4],[0,5,2,5],[0,6,2,6],[0,7,2,7],[0,8,1,24]],"flags":["formulas_cached_only"]}
["Vendor","Part Number","Type","Density (Mb)","Board ID","NAND/eMMC ID","FW ID","Nand Page Size (B)","MT6580",{"$nulls":16},"LPDDR2","MODE_REG1","MODE_REG2","MODE_REG3","MODE_REG5","MODE_REG10","MODE_REG63"]
[{"$nulls":25},"PCDDR3","DDR3_MODE_REG0","DDR3_MODE_REG1","DDR3_MODE_REG2","DDR3_MODE_REG3","DDR3_MODE_REG4","DDR3_MODE_REG5"]
[{"$nulls":8},"CONA_VAL","DRVCTL0_VAL","DRVCTL1_VAL","ACTIM_VAL","GDDR3CTL_VAL","CONF1_VAL","DDR2CTL_VAL","TEST2_3_VAL","CONF2_VAL","PD_CTRL_VAL","PADCTL3_VAL","DQODLY_VAL","ADDRDLY_VAL","CLKDLY_VAL","ACTIM1_VAL","MISCTL0_VAL","ACTIM05T_VAL","LPDDR3","MODE_REG1","MODE_REG2","MODE_REG3","MODE_REG5","MODE_REG10","MODE_REG63"]
[" Samsung ","KMQ72000SM-B316","MCP(eMMC+LPDDR3)","4096+4096","MT6580_EVB","0x150100513732534D42",null,null,"0x00025052","0xAA00AA00","0xAA00AA00","0x44584493","0x01000000","0xF0048683","0xA00631D1","0xBF080401","0x01806C3F","0xD1642342","0x00008888","0x88888888","0x00000000","0x00000000","0x11000510","0x07800000","0x04002600","LPDDR3","0x00C30001","0x00060002","0x00020003","0x00000001","0x00FF000A","0x0000003F"]
[" Samsung ","KMR820001M_B609","MCP(eMMC+LPDDR3)","8192+8192","MT6580_EVB","0x150100523832314D42",null,null,"0x000250A2","0xAA00AA00","0xAA00AA00","0x44584493","0x01000000","0xF0048783","0xA00631D1","0xBF080401","0x01806C3F","0xD1642342","0x00008888","0x88888888","0x00000000","0x00000000","0x11000510","0x07800000","0x04002600","LPDDR3","0x00C30001","0x00060002","0x00020003","0x00000001","0x00FF000A","0x0000003F"]
[" Samsung ","KMF5X0005C_B211","MCP(eMMC+LPDDR3)",4096,"MT6580_EVB","0x150100463558354342",null,null,"0x00001012","0xAA00AA00","0xAA00AA00","0x44584493","0x01000000","0xF0048683","0xA00631D1","0xBF080401","0x01806C3F","0xD1642342","0x00008888","0x88888888","0x00000000","0x00000000","0x11000510","0x07800000","0x04002600","LPDDR3","0x00C30001","0x00060002","0x00020003","0x00000001","0x00FF000A","0x0000003F"]
["Hynix ","H9TP64A8JDMCPR_KGM","MCP(eMMC+LPDDR2)","4096+4096","MT6580_EVB","0x90014A483847316505",null,null,"0x00025052","0xAA00AA00","0xAA00AA00","0x44584493","0x01000000","0xF0048483","0xA00632D1","0xBF080401","0x01806C3F","0xD1642342","0x00008888","0x88888888","0x00000000","0x00000000","0x01000510","0x07800000","0x04002600","LPDDR2","0x00C30001","0x00060002","0x00020003","0x00000006","0x00FF000A","0x0000003F"]
["Hynix ","H9TP64A8JDMCPR_KGM_Single_Rank","MCP(eMMC+LPDDR2)",4096,"MT6580_EVB","0x90014A483847316505",null,null,"0x00001012","0xAA00AA00","0xAA00AA00","0x44584493","0x01000000","0xF0048483","0xA00632D1","0xBF080401","0x01806C3F","0xD1642342","0x00008888","0x88888888","0x00000000","0x00000000","0x01000510","0x07800000","0x04002600","LPDDR2","0x00C30001","0x00060002","0x00020003","0x00000006","0x00FF000A","0x0000003F"]
["Hynix ","H9TA4GH4GDBCPR","MCP(eMMC+LPDDR2)",4096,"MT6580_EVB","0x90014A483447326111",null,null,"0x00001012","0xAA00AA00","0xAA00AA00","0x44584493","0x01000000","0xF0048483","0xA00632D1","0xBF080401","0x01806C3F","0xD1642342","0x00008888","0x88888888","0x00000000","0x00000000","0x01000510","0x07800000","0x04002600","LPDDR2","0x00C30001","0x00060002","0x00020003","0x00000006","0x00FF000A","0x0000003F"]
["leahkinn","KHN6405FS-HKc1 ","MCP(eMMC+LPDDR2)",4096,"MT6580_EVB","0xADDE14A7424AAD",null,null,"0x00001012","0xAA00AA00","0xAA00AA00","0x44584493","0x01000000","0xF0048483","0xA00632D1","0xBF080401","0x01806C3F","0xD1642342","0x00008888","0x88888888","0x00000000","0x00000000","0x01000510","0x07800000","0x04002600","LPDDR2","0x00C30001","0x00060002","0x00020003","0x00000006","0x00FF000A","0x0000003F"]
["Hynix ","H9TQ64A8GTMCUR_KUM","MCP(eMMC+LPDDR3)",8192,"MT6580_EVB","0x90014A483847316505",null,null,"0x00002012","0xAA00AA00","0xAA00AA00","0x44584493","0x01000000","0xF0048683","0xA00631D1","0xBF0D0401","0x0180AE3F","0xD1643842","0x00008888","0x88888888","0x00000000","0x00000000","0x11000D20","0x07800000","0x04002600","LPDDR3","0x00C30001","0x00060002","0x00020003","0x00000006","0x00FF000A","0x0000003F"]
["Hynix ","H9TKNNN8JDAPLR_NGM","Discrete Tablet LPDDR2","4096+4096","MT6580_EVB",{"$nulls":3},"0x00025052","0xAA00AA00","0xAA00AA00","0x44584493","0x01000000","0xF0048483","0xA00632D1","0xBF080401","0x01806C3F","0xD1642342","0x00008888","0x88888888","0x00000000","0x00000000","0x01000510","0x07800000","0x04002600","LPDDR2","0x00C30001","0x00060002","0x00020003","0x00000006","0x00FF000A","0x0000003F"]
["Hynix ","H9TKNNN8JDAPLR_NGM_Single_Rank","Discrete Tablet LPDDR2",4096,"MT6580_EVB",{"$nulls":3},"0x00001012","0xAA00AA00","0xAA00AA00","0x44584493","0x01000000","0xF0048483","0xA00632D1","0xBF080401","0x01806C3F","0xD1642342","0x00008888","0x88888888","0x00000000","0x00000000","0x01000510","0x07800000","0x04002600","LPDDR2","0x00C30001","0x00060002","0x00020003","0x00000006","0x00FF000A","0x0000003F"]
["Hynix ","H9CKNNN8GTMPLR_NUH","Discrete Tablet LPDDR3",8192,"MT6580_EVB",{"$nulls":3},"0x00002012","0xAA00AA00","0xAA00AA00","0x44584493","0x01000000","0xF0048683","0xA00631D1","0xBF0D0401","0x0180AE3F","0xD1643842","0x00008888","0x88888888","0x00000000","0x00000000","0x11000D20","0x07800000","0x04002600","LPDDR3","0x00C30001","0x00060002","0x00020003","0x00000006","0x00FF000A","0x0000003F"]
["Hynix ","H9CKNNNBJTMPLR_NUH","Discrete Tablet LPDDR3","8192+8192","MT6580_EVB",{"$nulls":3},"0x0002A052","0xAA00AA00","0xAA00AA00","0x44584493","0x01000000","0xF0048683","0xA00631D1","0xBF0D0401","0x0180AE3F","0xD1643842","0x00008888","0x88888888","0x00000000","0x00000000","0x11000D20","0x07800000","0x04002600","LPDDR3","0x00C30001","0x00060002","0x00020003","0x00000006","0x00FF000A","0x0000003F"]
["Elpida","EDF8132A3PF_GD_F","Discrete Tablet LPDDR3","4096+4096","MT6580_EVB",{"$nulls":3},"0x00025052","0xAA00AA00","0xAA00AA00","0x44584493","0x01000000","0xF0048683","0xA00631D1","0xBF080401","0x01806C3F","0xD1642342","0x00008888","0x88888888","0x00000000","0x00000000","0x11000510","0x07800000","0x04002600","LPDDR3","0x00C30001","0x00060002","0x00020003","0x00000003","0x00FF000A","0x0000003F"]
["Samsung","K4E8E304EE_AGCE","Discrete Tablet LPDDR3","4096+4096","MT6580_EVB",{"$nulls":3},"0x00025052","0xAA00AA00","0xAA00AA00","0x44584493","0x01000000","0xF0048683","0xA00631D1","0xBF080401","0x01806C3F","0xD1642342","0x00008888","0x88888888","0x00000000","0x00000000","0x11000510","0x07800000","0x04002600","LPDDR3","0x00C30001","0x00060002","0x00020003","0x00000001","0x00FF000A","0x0000003F"]
["Samsung","K4E6E304EE_AGCE","Discrete Tablet LPDDR3","8192+8192","MT6580_EVB",{"$nulls":3},"0x000250A2","0xAA00AA00","0xAA00AA00","0x44584493","0x01000000","0xF0048783","0xA00631D1","0xBF080401","0x01806C3F","0xD1642342","0x00008888","0x88888888","0x00000000","0x00000000","0x11000510","0x07800000","0x04002600","LPDDR3","0x00C30001","0x00060002","0x00020003","0x00000001","0x00FF000A","0x0000003F"]
["Hynix ","H9TP64A8JDMCPR_KGM_Discrete","Discrete LPDDR2","4096+4096","MT6580_EVB",{"$nulls":3},"0x00025052","0xAA00AA00","0xAA00AA00","0x44584493","0x01000000","0xF0048483","0xA00632D1","0xBF080401","0x01806C3F","0xD1642342","0x00008888","0x88888888","0x00000000","0x00000000","0x01000510","0x07800000","0x04002600","LPDDR2","0x00C30001","0x00060002","0x00020003","0x00000006","0x00FF000A","0x0000003F"]
[" Samsung ","KMQ72000SM-B316_Discrete","Discrete LPDDR3","4096+4096","MT6580_EVB",{"$nulls":3},"0x00025052","0xAA00AA00","0xAA00AA00","0x44584493","0x01000000","0xF0048683","0xA00631D1","0xBF080401","0x01806C3F","0xD1642342","0x00008888","0x88888888","0x00000000","0x00000000","0x11000510","0x07800000","0x04002600","LPDDR3","0x00C30001","0x00060002","0x00020003","0x00000001","0x00FF000A","0x0000003F"]
[" Samsung ","KMR820001M_B609_Discrete","Discrete LPDDR3","8192+8192","MT6580_EVB",{"$nulls":3},"0x000250A2","0xAA00AA00","0xAA00AA00","0x44584493","0x01000000","0xF0048783","0xA00631D1","0xBF080401","0x01806C3F","0xD1642342","0x00008888","0x88888888","0x00000000","0x00000000","0x11000510","0x07800000","0x04002600","LPDDR3","0x00C30001","0x00060002","0x00020003","0x00000001","0x00FF000A","0x0000003F"]
["Hynix ","H9TQ64A8GTMCUR_KUM_Discrete","Discrete LPDDR3",8192,"MT6580_EVB",{"$nulls":3},"0x00002012","0xAA00AA00","0xAA00AA00","0x44584493","0x01000000","0xF0048683","0xA00631D1","0xBF0D0401","0x0180AE3F","0xD1643842","0x00008888","0x88888888","0x00000000","0x00000000","0x11000D20","0x07800000","0x04002600","LPDDR3","0x00C30001","0x00060002","0x00020003","0x00000006","0x00FF000A","0x0000003F"]
[" Samsung ","KMQ72000SM-B316_Discrete_Tablet","Discrete Tablet LPDDR3","4096+4096","MT6580_EVB",{"$nulls":3},"0x00025052","0xAA00AA00","0xAA00AA00","0x44584493","0x01000000","0xF0048683","0xA00631D1","0xBF080401","0x01806C3F","0xD1642342","0x00008888","0x88888888","0x00000000","0x00000000","0x11000510","0x07800000","0x04002600","LPDDR3","0x00C30001","0x00060002","0x00020003","0x00000001","0x00FF000A","0x0000003F"]
[" Samsung ","KMR820001M_B609_Discrete_Tablet","Discrete Tablet LPDDR3","8192+8192","MT6580_EVB",{"$nulls":3},"0x000250A2","0xAA00AA00","0xAA00AA00","0x44584493","0x01000000","0xF0048783","0xA00631D1","0xBF080401","0x01806C3F","0xD1642342","0x00008888","0x88888888","0x00000000","0x00000000","0x11000510","0x07800000","0x04002600","LPDDR3","0x00C30001","0x00060002","0x00020003","0x00000001","0x00FF000A","0x0000003F"]
["Hynix ","H9TQ64A8GTMCUR_KUM_Discrete_Tablet","Discrete Tablet LPDDR3",8192,"MT6580_EVB",{"$nulls":3},"0x00002012","0xAA00AA00","0xAA00AA00","0x44584493","0x01000000","0xF0048683","0xA00631D1","0xBF0D0401","0x0180AE3F","0xD1643842","0x00008888","0x88888888","0x00000000","0x00000000","0x11000D20","0x07800000","0x04002600","LPDDR3","0x00C30001","0x00060002","0x00020003","0x00000006","0x00FF000A","0x0000003F"]
["Hynix ","H9TP64A8JDMCPR_KGM_Discrete_Tablet","Discrete Tablet LPDDR2","4096+4096","MT6580_EVB",{"$nulls":3},"0x00025052","0xAA00AA00","0xAA00AA00","0x44584493","0x01000000","0xF0048483","0xA00632D1","0xBF080401","0x01806C3F","0xD1642342","0x00008888","0x88888888","0x00000000","0x00000000","0x01000510","0x07800000","0x04002600","LPDDR2","0x00C30001","0x00060002","0x00020003","0x00000006","0x00FF000A","0x0000003F"]
["Hynix ","H9TP64A8JDMCPR_KGM_DDD","MCP(NAND+LPDDR2)","4096+4096","MT6580_EVB","0x45DEA892765008",null,null,"0x00025052","0xAA00AA00","0xAA00AA00","0x44584493","0x01000000","0xF0048483","0xA00632D1","0xBF080401","0x01806C3F","0xD1642342","0x00008888","0x88888888","0x00000000","0x00000000","0x01000510","0x07800000","0x04002600","LPDDR2","0x00C30001","0x00060002","0x00020003","0x00000006","0x00FF000A","0x0000003F"]
["Hynix ","H9CCNNN8GTMLAR","Discrete Tablet LPDDR3",8192,"MT6580_EVB",{"$nulls":3},"0x00002012","0xAA00AA00","0xAA00AA00","0x44584493","0x01000000","0xF0048683","0xA00631D1","0xBF0D0401","0x0180AE3F","0xD1643842","0x00008888","0x88888888","0x00000000","0x00000000","0x11000D20","0x07800000","0x04002600","LPDDR3","0x00C30001","0x00060002","0x00020003","0x00000006","0x00FF000A","0x0000003F"]

{"sheet":"NAND","index":1,"n_rows":6,"n_cols":12,"rows_kept":6,"flags":["formulas_cached_only"]}
["Vendor","Part_Number","Nand_ID","AddrCycle","IOWidth","TotalSize_MB","BlockSize_KB","PageSize_B","SpareSize_B","Timing","CacheRead","RandomRead"]
["ELPIDA","EHD013151MA_50","0x20BC105554",5,16,512,128,2048,64,"0x1123","NO","NO"]
["Samsung","K524G2GACB_A050","0xECBC005554",5,16,512,128,2048,64,"0x1123","NO","NO"]
["Micron","MT29C4G96MAZAPCJA_5IT","0x2CBC905556",5,16,512,128,2048,64,"0x21044333","NO","NO"]
["Samsung","KA100O015E_BJTT","0xECBC006656",5,16,512,256,4096,128,"0x21044333","NO","YES"]
["Hynix","H9DA4GH4JJAMCR_4EM","0xADBC905554",5,16,512,128,2048,64,"0x10801011","NO","NO"]

{"sheet":"emmc_region","index":2,"n_rows":13,"n_cols":11,"rows_kept":13,"flags":["formulas_cached_only"]}
["Part Number","Vendor","Boot1(KB)","Boot2(KB)","RPMB(KB)","GP1","GP2","GP3","GP4","User(KB)","TotalSize(MB)"]
["H9DP32A4JJMCGR","Hynix",2048,2048,2048,0,0,0,0,3778560,3696]
["H9TP33A8LDMCMR","Hynix",2048,2048,2048,0,0,0,0,3524608,3448]
["H9TP32A4GDMCPR","Hynix",2048,2048,2048,0,0,0,0,3778560,3696]
["H9TP32A8JDACPR_KGM","Hynix",2048,2048,2048,0,0,0,0,3778560,3696]
["H9TQ65A8JTMCUR_KTM ","Hynix",4096,4096,4096,0,0,0,0,7634944,7468]
["KMSJS000KM_B308","Samsung",1024,1024,128,0,0,0,0,3817472,3730.125]
["KMNJS000ZM_B205","Samsung",1024,1024,128,0,0,0,0,3815296,3728]
["KMJJS000WM_B409","Samsung",1024,1024,128,0,0,0,0,3817472,3730.125]
["KMKLL000UM_B406","Samsung",512,512,128,0,0,0,0,3906432,3816]
["KMKJS000VM_B309","Samsung",1024,1024,128,0,0,0,0,3815296,3728]
["MT29KZZZ4D4TGFAK_5W","Micron",2048,2048,2048,{"$nulls":4},3900000]
["END"]